000 00290nam a22001217a 4500
041 _aENG
100 _aNair .K
245 _aFluency In Topicwise English Part 1
260 _aDelhi
_bAdult Faculties
_c2003
300 _a48
650 _aCompetitive Exam
856 _uCompetitive Exam ( 36 )
999 _c950
_d950